000 00539nam a2200181Ia 4500
003 IN-BaIIA
008 211028s9999 xx 000 0 eng d
040 _cIIA Library
080 _a52(091)
_bDOI
100 _aDoig, Peter
_92298
245 2 _aA concise history of astronomy
_cPeter Doig
260 _aLondon
_bChapman and Hall
_c1950
300 _axi, 320p.
650 _aArchaeoastronomy
_92299
650 _aAstronomy
_980
650 _aAstronomy and astrophysics thesaurus
942 _cBK
999 _c1074
_d1074